=LDR 00000nam 2200000 4500 =001 INLIS000000000027301 =005 20130612125703 =008 ***********************************Ind** =035 ##$$0010-061300000027301 =041 ##$$a Ind =082 ##$$a 372.62 =090 ##$$a 372.62, Pri e =100 ##$$a Prihandani =245 ##$$a Early english:Pelajaran bahasa inggris untuk anak 4-5 tahun, Prihandani;Penyunting,Seno teguh pribadi =260 ##$$a 2005 $b Jakarta =300 ##$$a ii,34 hlm, ilus, 26 cm =650 ##$$a BAHASA INGGRIS, PENDIDIKAN DASAR =700 ##$$a Pribadi,Seno teguh =850 ##$$a NBPNMAT